| 000 | 01717nam a22002537a 4500 | ||
|---|---|---|---|
| 999 |
_c62189 _d62189 |
||
| 003 | Ge_BSU | ||
| 005 | 20240730154730.0 | ||
| 008 | 240730s2023 ge ||||| |||| 00| 0 geo d | ||
| 020 | _a9789941336164 | ||
| 041 | _ageo | ||
| 080 | _a342.6(479.22) + 328.36(479.22) ხ-20 | ||
| 100 |
_aხალვაში, ფატი _e ავტორი. _923010 |
||
| 245 |
_aაღმასრულებელი ხელისუფლების საპარლამენტო კონტროლი საქართველოში : _b [მონოგრაფია] / _cფატი ხალვაში ; სამეცნიერო რედაქტორი გენადი იაშვილი ; რედაქტორი შოთა დოღონაძე ; |
||
| 264 |
_aთბილისი : _bუნივერსალი, _c 2023. |
||
| 300 |
_a248 გვ. ; _b20 სმ. |
||
| 504 | _aბიბლიოგრაფია: გვ. 234- 247. | ||
| 520 | _aრეზიუმე ინგლისურ ენაზე. | ||
| 653 | _aაღმასრულებელი ხელისუფლება -- საქართველო. საპარლამენტო კონტროლი მთავრობაზე -- საქართველო | ||
| 700 |
_aიაშვილი, გენადი _eსამეცნიერო რედაქტორი _913272 |
||
| 700 |
_a დოღონაძე, შოთა _eრედაქტორი _923011 |
||
| 711 |
_aსაქართველოს ტექნიკური უნივერსიტეტი. _922883 |
||
| 773 | _tნაჩუქარი | ||
| 942 |
_2udc _cBK |
||